Responses for Show #1834 - Thursday, July 16, 1992

1992 Seniors Tournament final game 1.

Contestants

[<< previous game]

Carolyn Meek, a high school English teacher from Houston, Texas

Leonard Schmidt, an optometrist from Pittsburgh, Pennsylvania

Hansford Epes, a German and humanities professor from Davidson, North Carolina

[next game >>]

Jeopardy! Round responses

BODIES OF WATER
OLD RADIO
COLORS
FAMOUS NAMES
MISS MANNERS' MANNERS
ABBREVIATIONS
    $100 12
the Atlantic Ocean

Hansford
    $100 6
the North-West Mounted Police

Leonard
    $100 17
coral

Hansford
    $100 1
Davy Crockett

Hansford
    $100 9
Easter

Hansford
    $100 22
Honorable

Leonard
    $200 13
Hudson Bay

Leonard
    $200 7
toothpaste

Hansford
    $200 18
purple

Leonard
    $200 2
(Gail) Borden

Leonard
    $200 27
salad

Leonard
    $200 23
(Leonard: What is extrasensory perception?)

especially

HansfordLeonard
    $300 14
(Hansford: Uh, what is the Pacific Ocean?)
(Carolyn: What is the Aleutian?)
(Leonard: What is the Indian Ocean?)

the Bering Sea

HansfordLeonardCarolyn
Triple Stumper
    $300 8
Charlie McCarthy

Carolyn
    $300 19
gray

Leonard
    $300 3
(John James) Audubon

Leonard
    $300 28
pearls

Leonard
    $300 24
viscount

Leonard
    $400 15
the Baltic Sea

Leonard
    $400 10
(1 of) Art Linkletter (Art Baker)

Hansford
    $400 20
red

Hansford
    $500 4
Terry Anderson

Leonard
    $400 29
(Carolyn: What are diamonds?)

corsage

Carolyn
Triple Stumper
    $400 25
fortissimo

Hansford
    $500 16
Lake Titicaca

Hansford
    $500 11
(Leonard: What's The [*] Show?)

Bob Hope

Leonard
    $500 21
(Hansford: What's red?)

black

Hansford
Triple Stumper
    $500 5
Bissell

Leonard
    $500 30
knit

Hansford
    $500 26
Guam

Leonard

Scores at the first commercial break (after clue 14):

Hansford Leonard Carolyn
$600 $2,000 $0

Scores at the end of the Jeopardy! Round:

Hansford Leonard Carolyn
$2,200 $4,100 -$400

Double Jeopardy! Round responses

METALS
POETS & POETRY
WORLD HISTORY
TRAVEL & TOURISM
U.S. PRESIDENTS
MAKING SCENTS
    $200 17
lead

Hansford
    $200 1
"Casey at the Bat"

Hansford
    $200 11
apartheid

Carolyn
    $200 18
Elvis Presley

Hansford
    $200 3
LBJ

Leonard
    $200 12
Chanel No. 5

Leonard
    $400 20
tungsten

Leonard
    $400 2
a star

Leonard
    $400 13
the guillotine

Hansford
    $400 19
Frankfort (Kentucky)

Leonard
    $400 4
Lincoln

Leonard
    $400 27
roses

Leonard
    $2,000 21
(Leonard: What is carbon?)

aluminum

Leonard
    $600 6
Ben Jonson

Carolyn
    $600 14
the Thirty Years' War

Hansford
    $600 24
10

Leonard
    $600 5
John F. Kennedy

Carolyn
    $600 28
(Carolyn: What is, um, the nose?)

smoke

HansfordCarolyn
    $800 22
chromium

Hansford
    $800 7
(Robert) Burns

Carolyn
    $800 15
(Hansford: Who is Gandhi?)

(Jawaharlal) Nehru

HansfordLeonard
    $800 25
Holland

Leonard
    $800 9
Buchanan

Hansford
    $800 29
oils

Carolyn
    $1000 23
(Leonard: What is bismuth?)

titanium

HansfordLeonard
    $1000 8
Orpheus

Hansford
    $1000 16
(Carolyn: Who is Victoria?)

Elizabeth II

LeonardCarolyn
    $1,000 26
(Leonard: What is the Alhambra?)

El Escorial

Leonard
    $1000 10
Franklin Pierce

Leonard
    $1000 30
(Alex: Yes, ambergris.)

a (sperm) whale

Hansford

Scores at the end of the Double Jeopardy! Round:

Hansford Leonard Carolyn
$8,200 $6,700 $1,000

Final Jeopardy! Round responses

FILMS OF THE '50s
(Alex: I am big! It's the pictures that got small.)
CarolynWhat is Sunset Blvd.?
$1,000
LeonardWhat is Sunset Blvd?
$4,500
HansfordWhat is Sunset Blvd.?
$2,000
Sunset Boulevard

Final scores:

Hansford Leonard Carolyn
$10,200 $11,200 $2,000

Game dynamics:

Coryat scores:

Hansford Leonard Carolyn
$8,200 $9,600 $1,000
22 R,
3 W
27 R
(including 1 DD),
5 W
(including 2 DDs)
6 R,
4 W

Combined Coryat: $18,800

[game clues] [game scores] [suggest correction]

Game tape date: 1992-02-25
The J! Archive is created by fans, for fans. Scraping, republication, monetization, and malicious use prohibited; this site may use cookies and collect identifying information. See terms. The Jeopardy! game show and all elements thereof, including but not limited to copyright and trademark thereto, are the property of Jeopardy Productions, Inc. and are protected under law. This website is not affiliated with, sponsored by, or operated by Jeopardy Productions, Inc. Join the discussion at JBoard.tv.